01122cam a22002895a 4500999001700000001000900017005001700026008004100043010001700084020004200101040002800143082002000171100002600191245006000217250001200277260005600289263000900345300003400354504005100388520013400439650004100573651001000614653002200624655001400646942000800660952016400668 c27310d272812030580220190326125043.0180124t2018 enka frb 001 0 eng d a 2018932698 a9781781956021 (hardback : alk. paper) aDLCbengcDLCdEG-ScBUE04a340.11bDNE2221 aDnes, Antony William.10aPrinciples of law and economics /cAntony William Dnes. a3rd ed. aCheltenham, UK :bEdward Elgar Publishing,cc.2018. a1807 axix, 334 p. :bill. ;c24 cm. aIncludes bibliographical references and index. aPrinciples of Law and Economics, Third Edition provides a comprehensive yet accessible guide to the field of law and economics.  7aLaw and economicsvTextbooks.2BUEsh 2BUEsh bBUSECOcMarch2019 vText book 2ddc 00102ddc40708BaccahaMAINbMAINc1STd2019-03-26ePurchaseg2950.00l4m11o340.11 DNEp000044485q2024-04-11r2024-01-09 00:00:00s2024-01-09v3687.50yBB